Age and Career Resilience Through the Lens of Life Course Theory: Examining Individual Mechanisms and Macro-Level Context Across 28 Countries

Kariérna odolnosť je rozhodujúca pre starnúcu pracovnú silu vo svete a pomáha starším pracovníkom prispôsobiť sa neustále sa vyvíjajúcej povahe práce. Zatiaľ čo ageistické stereotypy často zobrazujú starších pracovníkov ako menej odolných, keď čelia zmenám na pracovisku, existujúce výskumné štúdie p...

Descrizione completa

Salvato in:
Dettagli Bibliografici
Autore principale: Ferenčíková, Soňa, 1960-
Altri autori: Krajčík, Daniel, 1981-
Natura: Capitolo di libro
Lingua:inglese
Soggetti:
Tags: Aggiungi Tag
Nessun Tag, puoi essere il primo ad aggiungerne!!

MARC

LEADER 00000naa a2200000 4500
001 0308246
005 20251113092949.2
041 0 |a eng 
044 |a GB 
245 1 0 |a Age and Career Resilience Through the Lens of Life Course Theory: Examining Individual Mechanisms and Macro-Level Context Across 28 Countries  |c Soňa Ferenčíková, Daniel Krajčík... [et al.] 
520 |a Kariérna odolnosť je rozhodujúca pre starnúcu pracovnú silu vo svete a pomáha starším pracovníkom prispôsobiť sa neustále sa vyvíjajúcej povahe práce. Zatiaľ čo ageistické stereotypy často zobrazujú starších pracovníkov ako menej odolných, keď čelia zmenám na pracovisku, existujúce výskumné štúdie ponúkajú protichodné dôkazy o tom, či vyšší vek bráni alebo zlepšuje odolnosť v kariére. V reakcii na tieto protichodné dôkazy táto štúdia využíva viacúrovňové údaje od 6 772 zamestnancov v 28 krajinách na preskúmanie vzťahov odolnosti medzi vekom a kariérou a základných mechanizmov, čím sa posúva naše chápanie odolnosti voči kariére počas celého života. 
610 2 0 |a kariéra 
610 2 0 |a generácie 
610 2 0 |a štýl životný 
610 2 0 |a starnutie populácie 
610 2 0 |a práca 
100 1 |a Ferenčíková, Soňa, 1960- 
700 1 |a Krajčík, Daniel, 1981-